000 01083nam a2200265 a 4500
003 CO-PeBPR
005 20260414151343.0
008 260414b |||||||| |||| 00| 0 eng d
040 0 _aCO-PeBPR
_bspa
_cCO-PeBPR
_erda
041 0 _hspa
082 0 4 _a303.6609 I59t
110 1 _aInstituto Kroc de Estudios Internacionales de Paz
245 1 0 _aEl tiempo se agota para la implementación del enfoque de género
_b: avances, retos y oportunidades a seis años de la firma del Acuerdo Final
_c/ Instituto Kroc de Estudios Internacionales de Paz
264 _aIndiana, Estados Unidos
_b: Instituto Kroc
_c, 2023
300 _a157 páginas
_b: tablas, ilustraciones a color
_c; 27 centímetros
336 _atexto
_btxt
_crdacontenido
337 _asin mediación
_bn
_2rdamedio
338 _avolumen
_bnc
_2rdasoporte
500 _aIncluye índice.
650 1 4 _2LEMB
_aAcuerdo final
_zColombia
650 1 4 _2LEMB
_aEnfoques transversales
_zColombia
650 1 4 _2LEMB
_aEstado de la implementación
_zColombia
650 1 4 _2LEMB
_aAcuerdos comprensivos de paz
_zColombia
942 _2ddc
_cBK
999 _c17706
_d17706